|
|
|
|
| LEADER |
00000naa2a2200000 4500 |
| 001 |
305590 |
| 005 |
20231101011004.0 |
| 035 |
|
|
|a (RuTPU)RU\TPU\book\330862
|
| 035 |
|
|
|a RU\TPU\book\330856
|
| 090 |
|
|
|a 305590
|
| 100 |
|
|
|a 20150928d1993 k y0rusy50 ca
|
| 101 |
0 |
|
|a rus
|
| 102 |
|
|
|a RU
|
| 200 |
1 |
|
|a Влияние угла сдвига полюсов на устойчивость работы гибридного двигателя
|f Г. А. Сипайлов, А. И. Верхотуров, О. А. Коновалов
|
| 330 |
|
|
|a Приведены результаты исследования влияния угла сдвига полюсов магнитоэлектрич. машины относительно полюсов реактивного СД на устойчивость работы гибридного двигателя. Показано, что для гибридного двигателя существует такой угол сдвига полюсов, при к-ром повышается перегрузочная способность и расширяется область устойчивой работы двигателя при малых нагрузках.
|
| 463 |
|
1 |
|0 (RuTPU)RU\TPU\book\32772
|y 5-230-13304-X
|t Автоматизированные электромеханические системы
|o межвузовский сборник научных трудов
|f под ред. Г. П. Лыщинского; НГТУ
|v С. 81-86
|d 1993
|p 95 с.
|
| 610 |
1 |
|
|a труды учёных ТПУ
|
| 610 |
1 |
|
|a гибридные двигатели
|
| 610 |
1 |
|
|a исследования
|
| 610 |
1 |
|
|a магнитоэлектрические машины
|
| 700 |
|
1 |
|a Сипайлов
|b Г. А.
|c специалист в области электромеханики
|c профессор Томского политехнического университета
|f 1920-2004
|g Геннадий Антонович
|2 stltpush
|3 (RuTPU)RU\TPU\pers\12400
|
| 701 |
|
1 |
|a Верхотуров
|b А. И.
|c специалист в области электротехники
|c доцент Томского политехнического университета, кандидат технических наук
|f 1936-
|g Анатолий Иванович
|2 stltpush
|3 (RuTPU)RU\TPU\pers\26512
|
| 701 |
|
1 |
|a Коновалов
|b О. А.
|
| 801 |
|
1 |
|a RU
|b 63413507
|c 20150928
|
| 801 |
|
2 |
|a RU
|b 63413507
|c 20150928
|g RCR
|
| 942 |
|
|
|c BK
|